10 najwiekszych krajów z dostępem do morza - Statystyki

Ogólne statystyki
  • Ten quiz został rozwiązany 57 razy
  • Średni wynik to 9 z 10
Statystyki odpowiedzi
Kontynent Kraj % Poprawnych
Europa/Azja Rosja
100%
Oceania Australia
98%
Ameryka Południowa Brazylia
98%
Ameryka Północna Kanada
98%
Ameryka Północna USA
98%
Azja Chiny
96%
Azja Indie
94%
Ameryka Południowa Argentyna
92%
Afryka Algieria
81%
Azja Kazachstan
62%
Nie znaleziono quizów pasujących do podanych kryteriów
Rozkład punktacji
Procent ludzi z każdym wynikiem
Percentyl według liczby udzielonych odpowiedzi
Twoja historia wyników
Nie rozwiązałeś tego quizu